| 000 | 01004cad a22002175a 4500 | ||
|---|---|---|---|
| 001 | L150084 | ||
| 008 | 100601s2010 xxk f 000 0 eng d | ||
| 035 | _a(Sirsi) u150084 | ||
| 041 | 0 | _aeng | |
| 050 | 0 | 4 | _a346.410664 $2 18 |
| 110 | 2 |
_aK2 Business Rescue _95856 |
|
| 245 | 0 | 2 |
_aA handbook for directors, executives and advisers _bdirectors' duties and responsibilities with specific emphasis on business survival |
| 260 |
_aLondon _bTMA _c2010 |
||
| 520 | _aIdentifies who is a director and summarises directors' responsibilities, powers, duties and liabilities. Covers insolvency, trading while insolvent, and outlines the role of the company secretary. | ||
| 590 | _aKA NTK | ||
| 651 | 4 |
_aUnited Kingdom _y |
|
| 690 | _aMANAGEMENT-BUSINESS MANAGEMENT-PROFESSIONAL PRACTICE | ||
| 710 | 1 |
_aTurnaround Management Association United Kingdom _95855 |
|
| 856 | 4 | 8 |
_uhttps://www.tma-uk.org/uploads/TMAK2Handbook_DirectorDuties2010_Ed1.pdf _zView the handbook free of charge at www.tma.org |
| 942 | _n0 | ||
| 999 |
_c110729 _d110729 |
||